| 000 | 00505nam a2200193Ia 4500 | ||
|---|---|---|---|
| 005 | 20250326142351.0 | ||
| 008 | 250326s9999 xx 000 0 und d | ||
| 037 | _aTextbook | ||
| 040 |
_aFMSL _beng _cFMSL |
||
| 041 |
_aeng _2eng |
||
| 084 | _qFMSL | ||
| 100 |
_aVanhorne J C _9740081 |
||
| 245 | 0 |
_aFicial management and policy _cVanhorne J C |
|
| 250 | _aEd 10 | ||
| 260 |
_aNew Delhi _bNew Delhi, Prentice Hall of India _c1995 |
||
| 300 | _a877p | ||
| 942 | _cTB | ||
| 999 |
_c1294689 _d1294689 |
||